| 000 | 00824 a2200205 4500 | ||
|---|---|---|---|
| 001 | 131113 | ||
| 020 | _a85-02-01066-2 | ||
| 040 | _cLeonardo Da Vinci | ||
| 041 | _aPortuguês | ||
| 082 |
_a574 L855bb _bL855bb |
||
| 100 | _aLOPES, Sônia Godoy Bueno Carvalho | ||
| 245 |
_aBIO 3 _bgenética, evolução e ecologia |
||
| 250 | _a8.ed | ||
| 260 |
_bSaraiva _c1992 _aSão Paulo |
||
| 300 | _a271 | ||
| 362 | _a19920000 | ||
| 500 | _aTítulo anterior - Bio: Livro Verde | ||
| 697 |
_aBiologia _aGenética _aLeis de herança _aCitologia _aCélula _aDivisão celular _aDNA _aCromossomos _aGenes _aTeoria de Mendel _aMeiose _aSistema RH _aGrupo sangüineo _aImunização _aVacina _aSoro _aTeoria de Darwin _aTeoria da evolução _aPopulação _aEcologia _aBiosfera _aEcossistema _aEnergia _aSeres vivos _aPoluição _aEnsino Médio |
||
| 942 | _cBK | ||
| 999 |
_c131113 _d131113 |
||